Statistics for ALW's Phantom of the Opera - Title in the Lyrics Quiz

Click here to take the quiz!

General Stats

  • This quiz has been taken 137 times
  • The average score is 13 of 18

Answer Stats

Lyrics Song Title % Correct
"The _______ __ ___ _____ is there, inside your mind."Phantom of the Opera
99%
"Promise me that all you say is true. That's ___ _ ___ __ ___."All I Ask of You
96%
"__________! Paper faces on parade. __________! Hide your face so the world will never find you."Masquerade
95%
"Past ___ _____ __ __ ______,the final threshold, the bridge is crossed so stand and watch it burn."The Point of no Return
93%
"You alone can make my song take flight. Help me make ___ _____ __ ___ _____."The Music of the Night
92%
"_____ __ __, _____ __ __ fondly when we've said goodbye. Remember me every so often, promise me you'll try."Think of Me
92%
"_____ __ _____, guide and guardian, grant to me your glory."Angel of Music
91%
"Flattering child you shall know me, see why in shadow I hide. Look at your face in ___ ______. I am there inside!"The Mirror
84%
"Can you deny us the triumphs in store? Sing, _____ _____, once more!"Prima Donna
75%
"Far too many _____ for my taste. And most of them about Christine. All we've heard since we came is Miss Daae's name!"Notes
75%
"____ ____ ____ to the dungeons of my black despair! Down we plunge to the prison of my mind!"Down Once More
71%
"_ ________ there was mist. Swirling mist upon a vast glassy lake."I Remember
62%
"_________ _____, so lost, so helpless, yearning for my guidance."Wandering Child
61%
"You must be always on your guard, or he'll catch you with his _______ _____!"Magical Lasso
55%
"_____ ____ ____ ________, he must be found! Hunt down this animal who runs to ground! Too long he's prayed on us, but now we know, the Phantom of the Opera is here deep down below!"Track down this Murderer
51%
"___ __ ______ good monsieurs? Did you think that I had left you for good?"Why so Silent
46%
"________ ____ ___ _______ __, can you even dare to look, or bear to think of me?"Stranger than you Dreamt It
44%
"________ _____ ___, what answer can I give? Am I to risk my life to win the chance to live?"Twisted Every Way
34%

Score Distribution

Percentile by Number Answered

Percent of People with Each Score

Your Score History

You have not taken this quiz